Hoa cảnh ứng dụng trong phong thuỷ
Guardat en:
| Format: | Llibre |
|---|---|
| Idioma: | Undetermined |
| Publicat: |
Hà Nội
Mỹ thuật
2006
|
| Matèries: | |
| Etiquetes: |
Afegir etiqueta
Sense etiquetes, Sigues el primer a etiquetar aquest registre!
|
| Thư viện lưu trữ: | Trung tâm Học liệu Trường Đại học Cần Thơ |
|---|
| LEADER | 00642nam a2200205Ia 4500 | ||
|---|---|---|---|
| 001 | CTU_105106 | ||
| 008 | 210402s9999 xx 000 0 und d | ||
| 020 | |c 80000 | ||
| 082 | |a 747.98 | ||
| 082 | |b H401 | ||
| 245 | 0 | |a Hoa cảnh ứng dụng trong phong thuỷ | |
| 245 | 0 | |c Nguyễn Kim Dân biên soạn | |
| 260 | |a Hà Nội | ||
| 260 | |b Mỹ thuật | ||
| 260 | |c 2006 | ||
| 526 | |a Phong thủy | ||
| 526 | |b NN521 | ||
| 650 | |a House plants in interior decoration.,Interior landscaping | ||
| 904 | |i Minh (sửa số pl 747.98/D121 thành 747.98/H401) | ||
| 980 | |a Trung tâm Học liệu Trường Đại học Cần Thơ | ||